000 00630nam a2200229Ia 4500
003 OSt
005 20221007072036.0
006 a|||||r|||| 00| 0
007 ta
008 221006b |||||||| |||| 00| 0 eng d
024 _a14,365
037 _cTextual
040 _aFLL
_cFLL
_beng
041 _2eng
_aeng
082 _aX:54:Z1, K3
100 _aKravis I.B. Au.
_9689971
245 0 _aDomestic interests and international obligations
260 _aLondon
_bOxford university press London
_c1963
300 _a448p
_ccm.
942 _hX:54:Z1, K3
_cTEXL
_2CC
999 _c1145077
_d1145077